000 00381nam a2200145Ia 4500
008 240729s9999 xx 000 0 und d
022 _a1555-9351
245 0 _aHyperrhiz
260 _aUnited States
260 _bHyperrhiz
650 _aFine Arts | Language and Literature
856 _uhttps://doaj.org/toc/f3814cceacba4d5ca019ff8a7581cf33
942 _2ddc
942 _cDOAJEJ
999 _c66066
_d66066
945 _a1
_bMadushi Gamage
_c1
_dMadushi Gamage